Cristo en el Libano
محفوظ في:
| المؤلف الرئيسي: | |
|---|---|
| التنسيق: | كتاب |
| اللغة: | الإسبانية |
| منشور في: |
Barcelona
Luis de Caralt
1979
|
| سلاسل: | Colección Gigante
|
| الموضوعات: | |
| الوسوم: |
إضافة وسم
لا توجد وسوم, كن أول من يضع وسما على هذه التسجيلة!
|
MARC
| LEADER | 00000nam a2200000 a 4500 | ||
|---|---|---|---|
| 001 | UCX8602 | ||
| 003 | CL-VaPUC | ||
| 008 | 940414e19790000SP |||||||||||||||||spa|d | ||
| 082 | 0 | 4 | |a 956.92 |b GHE |2 21 |
| 100 | |a Gheorghiu, Constantin Virgil |e author |9 570416 | ||
| 245 | 1 | 0 | |a Cristo en el Libano |
| 300 | |a 188 p | ||
| 942 | |c BK | ||
| 945 | |d 19940414 00:00:00 |a rbrito | ||
| 260 | |a Barcelona |b Luis de Caralt |c 1979 | ||
| 650 | 0 | |a Historia |9 255047 | |
| 651 | 7 | |a LIBANO |2 CL-VaPUC |9 318042 | |
| 583 | |a last modification |c 20181001 01:39:41 |k Rodrigo Vera | ||
| 490 | 0 | |a Colección Gigante | |
| 999 | |c 228053 |d 228051 | ||
| 952 | |0 0 |1 0 |4 0 |6 956_920000000000000_GHE_1979 |7 0 |8 P |9 227647 |a BIBEDU |b BIBEDU |d 2019-11-15 |i 2967189 |o 956.92 GHE 1979 |p 2967189 |r 2019-11-15 |w 2019-11-15 |y BK |k EDU | ||